Pohádky a povídky pro malé čtenáře

Bibliographic Details
Other Authors: Hřebejková, Jarmila, 1911- (Compiler), Fabiánová, Irena (Compiler), Šimanová, Anna (Compiler), Sedláček, K. F. (Květoslav František), 1911-1971 (Compiler), Vodrážka, Jaroslav, 1894-1984 (Illustrator)
Format: Book
Language:Czech
PhysicalDescription:52 s. ilustr. 24 cm
Published: Praha Státní pedagogické nakladatelství 1967
Edition:7. vyd.
Series:Mimočítanková četba
Subjects:

MARC

LEADER 00000cam a2200000 a 4500
001 vtls001388566
003 SK-MaSNL
005 20260301011607.0
008 210928s1967 xr a b 0000f cze
035 |a SNK000342795 
040 |a SNK  |b slo  |c SNK  |e AACR2 
041 0 |a cze 
044 |a xr  |c CZ 
072 7 |a 82-93  |x Literatúra pre deti a mládež (beletria)  |2 konspekt 
080 |a 82-34  |2 2011 
080 |a 821-32  |2 2011 
080 |a 82-93-053.2  |2 2011 
080 |a 028  |2 2011 
245 0 0 |a Pohádky a povídky pro malé čtenáře  |c zpracovali Jarmila Hřebejková ... [et al.] ; [ilustroval Jaroslav Vodrážka] 
250 |a 7. vyd. 
260 |a Praha  |b Státní pedagogické nakladatelství  |c 1967 
300 |a 52 s.  |b ilustr.  |c 24 cm 
366 |e 58000 výt. 
490 1 |a Mimočítanková četba 
500 |a Viazaná 
650 0 7 |a čítanie  |2 SNKPH  |9 1654 
650 0 7 |a Reading  |2 SNKPHeng  |9 276976 
655 7 |a rozprávky  |2 SNKPH  |9 70597 
655 7 |a poviedky  |2 SNKPH  |9 70519 
655 7 |a publikácie pre deti  |2 SNKPH  |9 70148 
655 7 |a Fairy tales  |2 SNKPHeng  |9 265887 
655 7 |a Short stories  |2 SNKPHeng  |9 295230 
655 7 |a Publications for children  |2 SNKPHeng  |9 276792 
700 1 |a Hřebejková, Jarmila,  |d 1911-  |4 com  |9 263350 
700 1 |a Fabiánová, Irena  |4 com  |9 295231 
700 1 |a Šimanová, Anna  |4 com  |9 295232 
700 1 |a Sedláček, K. F.  |q (Květoslav František),  |d 1911-1971  |4 com  |9 295233 
700 1 |a Vodrážka, Jaroslav,  |d 1894-1984  |4 ill  |9 107246 
830 0 |a Mimočítanková četba  |9 295234 
852 |a Štátna vedecká knižnica v Banskej Bystrici 
958 |a OND 
999 |c 551357  |d 553287 
952 |t P60, <05>, [BOOK], {605}  |a SNK  |b SNK  |y PREZ  |7 0  |p 17A0152235  |o snkIC 39527 D1  |0 0  |1 1  |4 0  |d 2000-05-10  |l 0  |r 2005-01-02 00:00:00  |w 2026-02-23